000 00497nam a2200181Ia 4500
001 2094
005 20260306143817.0
008 260306t2011||||xx |||||||||||||| ||spa||
041 _aESP
082 _a612.8
_bJ55
100 _aJiménez Vélez, Carlos Alberto
_eAUT
245 0 _aLa neuropedagogía y los comportamientos violentos:
_bnuevos hallazgos desde la neurociencia
260 _c2011
300 _a246 páginas :
_c24 cm.
650 _aGEN
654 _aCPS
942 _cLIB
_dJUS
_fJUS
_2ddc
_n
999 _c2094
_d2094